000 00534nam a2200205 a 4500
005 20210219151621.0
008 991125s1980 mx 000 0 spa u
020 _a9682309832
035 _aUPN01000037743
049 _aCG
050 4 _aQC83 K8.48
_b1980
100 1 _aKula, Witold
245 1 4 _aLas medidas y los hombres /
_cKula Witold ; tr. Witold Kuss
260 _aMéxico :
_bSiglo XXI,
_c1980
300 _a482 p
440 0 _aHistoria
650 4 _aPESAS Y MEDIDAS-
_xHISTORIA
904 _aAC
_b037744
905 _aLibro
999 _c37743
_d37743